| 000 | 00849nas a2200253 4500 | ||
|---|---|---|---|
| 001 | BR9605726 | ||
| 003 | BR-BrBNA | ||
| 005 | 20231205095843.0 | ||
| 007 | ta | ||
| 008 | 230509b bl.|||p| |||| 00| 00por d | ||
| 040 |
_aBR-BrBNA _bpor _cBiblioteca Nacional de Agricultura |
||
| 041 | _a(Pt) | ||
| 072 | _aH10 | ||
| 100 | 1 | _aAndrade, I. | |
| 100 | 1 | _aDiniz, I.R. | |
| 100 | 1 | _aMorais, H.C. | |
| 245 | 1 | _aA lagarta de Cerconota achatina (Zeller)(Lepidoptera, Oecophoridae, Stenomatinae): biologia e ocorrencia em plantas hospedeiras do genero Byrsonima rich (Malpighiaceae) | |
| 650 | _aMurici | ||
| 650 | _aLagarta | ||
| 650 | _aFlutuacao Populacional | ||
| 773 | 0 |
_tRevista Brasileira de Zoologia (Brazil) _xISSN 0101-8175 _g(Dec 1995), v. 12(4) p. 735-741 _wBR9605726 |
|
| 909 |
_a202311 _bLúcia _c55 _dLúcia Elande |
||
| 942 |
_2AGRIS _n0 _cANA |
||
| 999 |
_c153096 _d153096 |
||